| LEADER 00000nam 2200000uu 4500 |
| 001 39259 |
| 003 ULIBM |
| 008 020711s2568 th a 000 0 tha d |
| 020 9786164385801 |
| 060 WM 402 ท17ก |
| 100 ทวนทน บุญลือ |
| 245 การบริบาลทางเภสัชกรรมในโรคทางจิตเวชที่พบบ่อย/ทวนทน บุญลือ |
| 250 พิมพ์ครั้งที่ 1 |
| 260 อุบลราชธานี :^bโรงพิมพ์มหาวิทยาลัยอุบลราชธานี,^c2568 |
| 300 275 หน้า ;^c30 ซม. |
| 650 เภสัชบำบัดในจิตเวช |
| 650 การบริบาลทางเภสัชกรรม |
| 650 โรคจิตเวช—การรักษาด้วยยา |
| 650 ยาจิตเวช |
| 650 การใช้ยาอย่างเหมาะสมในผู้ป่วยจิตเวช |
| 650 Psychopharmacology |
| 650 Pharmaceutical Care |
| 650 Mental Disorders—drug therapy |
| 650 Antipsychotic Agents—therapeutic use |
| 650 Psychotropic Drugs—therapeutic use |
| 999 ^aฐานิตา โสภะสุนทร |